[Event "GRE-chT 50th"]
[Site "Nikaia"]
[Date "2023.08.29"]
[Round "6.8"]
[White "Stoimenidis, Dimitrios"]
[Black "Christodoulou, Panormitis"]
[Result "0-1"]
[WhiteElo "1881"]
[BlackElo "1953"]
[PlyCount "108"]
[EventDate "2023.08.25"]
[EventType "team"]
[EventRounds "9"]
[EventCountry "GRE"]
[SourceTitle "EXT 2024"]
[Source "ChessBase"]
[SourceDate "2023.10.10"]
[SourceVersion "1"]
[SourceVersionDate "2023.10.10"]
[SourceQuality "1"]
[WhiteTeam "Thessaloniki Aris"]
[BlackTeam "Patron"]
[WhiteTeamCountry "GRE"]
[BlackTeamCountry "GRE"]

1. e4 c5 2. Nf3 e6 3. d4 cxd4 4. Nxd4 a6 5. Bd3 Bc5 6. Nb3 Be7 7. Qg4 g6 8. Qe2 d6 9. 0-0 Nd7 10. Rd1 Qc7 11. Bf4 b6 12. a4 Bb7 13. Na3 Ngf6 14. Nc4 0-0 15. f3 Rfd8 16. Qf2 e5 17. Be3 Nc5 18. Nxc5 dxc5 19. b4 Nd7 20. b5 axb5 21. axb5 Rxa1 22. Rxa1 Ra8 23. Qe1 Qb8 24. Nd2 Rxa1 25. Qxa1 Qa8 26. Qc3 Bd6 27. Bc4 Bc7 28. Qb3 Qe8 29. Nb1 Nf8 30. Nc3 Ne6 31. Bd5 Bxd5 32. Nxd5 Bd8 33. Qa4 Kg7 34. c4 Qd7 35. Qa6 Qd6 36. Qb7 Bc7 37. Kf2 Bd8 38. Kg1 Bc7 39. Qa7 Bd8 40. Qa6 Bc7 41. Bd2 Nd4 42. Bg5 Bd8 43. Bd2 Qe6 44. Qa8 Qd6 45. Qc8 h5 46. Kf2 Bh4+ 47. g3 Bf6 48. Qa6 Bd8 49. Ba5 Qe6 50. Bxb6 Qh3 51. Ne3 Qxh2+ 52. Ng2 Bxb6 53. Qxb6 h4 54. gxh4 Qh3 0-1

[Event "EU-chT U18"]
[Site "Thessaloniki"]
[Date "2022.07.18"]
[Round "7.10"]
[White "Stoimenidis, Dimitrios"]
[Black "Pekkul, Arda"]
[Result "1/2-1/2"]
[WhiteElo "1993"]
[BlackElo "1599"]
[PlyCount "79"]
[EventDate "2022.07.12"]
[EventType "team-swiss"]
[EventRounds "7"]
[EventCountry "GRE"]
[SourceTitle "CBM 209 Extra"]
[Source "ChessBase"]
[SourceDate "2022.09.30"]
[SourceVersion "1"]
[SourceVersionDate "2022.09.30"]
[SourceQuality "1"]
[WhiteTeam "Greece Galaxias U18"]
[BlackTeam "Turkey U18"]
[WhiteTeamCountry "GRE"]
[BlackTeamCountry "TUR"]

1. e4 c5 2. Nf3 e6 3. d4 cxd4 4. Nxd4 Nf6 5. Nc3 Nc6 6. Ndb5 d6 7. Bf4 e5 8. Bg5 a6 9. Na3 b5 10. Nd5 Be7 11. Bxf6 Bxf6 12. c3 Ne7 13. Nc2 Nxd5 14. Qxd5 Rb8 15. Nb4 Bb7 16. Qd3 0-0 17. Be2 Be7 18. Bf3 d5 19. Nxd5 Bxd5 20. Qxd5 Qc7 21. 0-0 Rfd8 22. Qb3 b4 23. Rac1 bxc3 24. Rxc3 Qa5 25. Qc2 Qxa2 26. Rb1 Rd2 27. Qxd2 Qxb1+ 28. Bd1 Rd8 29. Rc1 Qxe4 30. Qe2 Qf4 31. Qe3 Qxe3 32. fxe3 Rd2 33. Rc8+ Bf8 34. Bb3 Rd7 35. Ra8 g6 36. Rxa6 Kg7 37. Rc6 f5 38. Rc2 Rd3 39. Rc7+ Kh6 40. Rc3 1/2-1/2

[Event "EU-chT U18"]
[Site "Thessaloniki"]
[Date "2022.07.16"]
[Round "5.9"]
[White "Risteski, Emil"]
[Black "Stoimenidis, Dimitrios"]
[Result "1-0"]
[WhiteElo "2405"]
[BlackElo "1993"]
[PlyCount "75"]
[EventDate "2022.07.12"]
[EventType "team-swiss"]
[EventRounds "7"]
[EventCountry "GRE"]
[SourceTitle "CBM 209 Extra"]
[Source "ChessBase"]
[SourceDate "2022.09.30"]
[SourceVersion "1"]
[SourceVersionDate "2022.09.30"]
[SourceQuality "1"]
[WhiteTeam "Macedonia U18"]
[BlackTeam "Greece Galaxias U18"]
[WhiteTeamCountry "MKD"]
[BlackTeamCountry "GRE"]

1. Nf3 Nf6 2. g3 d5 3. Bg2 c6 4. 0-0 Bf5 5. d3 h6 6. c4 dxc4 7. Ne5 Nbd7 8. Nxc4 e5 9. Nc3 Be6 10. a3 Be7 11. b4 0-0 12. Bb2 Qc7 13. Rc1 Rac8 14. Rc2 Rfd8 15. Qa1 Qb8 16. Nb1 Bd6 17. Nxd6 Qxd6 18. Nd2 Re8 19. Nc4 Bxc4 20. Rxc4 Nb6 21. Rc5 Nfd7 22. Ra5 a6 23. f4 Nd5 24. fxe5 Qe6 25. Be4 g6 26. Qc1 Kg7 27. Bg2 Kh7 28. e4 Nc7 29. Bh3 Qxh3 30. Rxf7+ Kg8 31. e6 Nxe6 32. Rxd7 Rcd8 33. Rxd8 Rxd8 34. Qc3 Rf8 35. Qh8+ Kf7 36. Qh7+ Ke8 37. Qxg6+ Ke7 38. Rf5 1-0

[Event "GRE-ch Schools Lykeia"]
[Site "Athen"]
[Date "2022.06.12"]
[Round "2"]
[White "Karagevrekis, Marios"]
[Black "Stoimenidis, Dimitrios"]
[Result "0-1"]
[WhiteElo "1152"]
[BlackElo "1861"]
[PlyCount "120"]
[EventDate "2022.06.12"]
[EventType "swiss"]
[EventRounds "9"]
[EventCountry "GRE"]
[SourceTitle "EXT 2023"]
[Source "ChessBase"]
[SourceDate "2022.10.05"]
[SourceVersion "1"]
[SourceVersionDate "2022.10.05"]
[SourceQuality "1"]

1. d4 Nf6 2. Bf4 e6 3. e3 c5 4. c3 Nc6 5. Bd3 d5 6. Nf3 Bd6 7. Bg3 0-0 8. 0-0 b6 9. Nbd2 Bb7 10. Bxd6 Qxd6 11. e4 cxd4 12. cxd4 dxe4 13. Nxe4 Qe7 14. Ne5 Nxe5 15. Nxf6+ Qxf6 16. dxe5 Qg5 17. g3 Qxe5 18. Qe2 Qxe2 19. Bxe2 Rac8 20. Rac1 Rxc1 21. Rxc1 Rc8 22. Rxc8+ Bxc8 23. f4 Kf8 24. Kf2 Ke7 25. Ke3 Bb7 26. Bd3 g6 27. Kd4 Kd6 28. g4 f6 29. h4 e5+ 30. fxe5+ fxe5+ 31. Ke3 Bc8 32. g5 Be6 33. a3 Bf5 34. Ba6 Kc5 35. b4+ Kd5 36. Bb5 Bc2 37. Be2 Bb3 38. Bd3 Bd1 39. Bb5 e4 40. Bf1 a5 41. Bb5 axb4 42. axb4 Bc2 43. Be2 Bd3 44. Bxd3 exd3 45. Kxd3 b5 46. Ke3 Kc4 47. Ke4 Kxb4 48. Ke5 Kc5 49. Kf6 b4 50. Kg7 b3 51. Kxh7 b2 52. Kxg6 b1Q+ 53. Kh6 Kd6 54. g6 Ke7 55. h5 Kf8 56. Kh7 Qb7+ 57. Kh6 Kg8 58. Kg5 Qe7+ 59. Kf5 Kg7 60. Kg4 Qe5 0-1

[Event "GRE-ch Schools Lykeia"]
[Site "Athen"]
[Date "2022.06.12"]
[Round "5"]
[White "Stoimenidis, Dimitrios"]
[Black "Christodoulou, Panormitis"]
[Result "0-1"]
[WhiteElo "1861"]
[BlackElo "1897"]
[PlyCount "98"]
[EventDate "2022.06.12"]
[EventType "swiss"]
[EventRounds "9"]
[EventCountry "GRE"]
[SourceTitle "EXT 2023"]
[Source "ChessBase"]
[SourceDate "2022.10.05"]
[SourceVersion "1"]
[SourceVersionDate "2022.10.05"]
[SourceQuality "1"]

1. d4 Nf6 2. Nf3 e6 3. Bf4 c5 4. e3 d5 5. Nbd2 Nc6 6. c3 Bd6 7. Bg3 0-0 8. Bb5 a6 9. Bxc6 bxc6 10. Qa4 Bxg3 11. hxg3 Qb6 12. Qc2 Rb8 13. b3 h6 14. Ne5 a5 15. g4 Nd7 16. Nxd7 Bxd7 17. g5 g6 18. Rxh6 Kg7 19. 0-0-0 Rh8 20. Rdh1 Rxh6 21. gxh6+ Kh7 22. Nf3 f6 23. Nd2 c4 24. bxc4 a4 25. a3 c5 26. f4 e5 27. fxe5 Bf5 28. e4 dxe4 29. g4 Bxg4 30. Nxe4 Bf5 31. Rh2 cxd4 32. Nxf6+ Kh8 33. Nd5 Qb1+ 34. Qxb1 Rxb1+ 35. Kd2 Rb2+ 36. Ke1 Rxh2 37. cxd4 Rh4 38. Kd2 Rxd4+ 39. Kc3 Re4 40. c5 Rxe5 41. Kd4 Re4+ 42. Kc3 Be6 43. Nb6 g5 44. c6 g4 45. Nd7 g3 46. Nf8 g2 47. c7 Rc4+ 48. Kd3 Rxc7 49. Nxe6 Rd7+ 0-1

[Event "GRE-ch U18"]
[Site "Kavala"]
[Date "2022.04.26"]
[Round "1"]
[White "Stoimenidis, Dimitrios"]
[Black "Georgiadis, Konstantinos1111"]
[Result "1-0"]
[WhiteElo "1949"]
[BlackElo "1173"]
[PlyCount "43"]
[EventDate "2022.04.26"]
[EventType "swiss"]
[EventRounds "9"]
[EventCountry "GRE"]
[SourceTitle "CBM 208 Extra"]
[Source "ChessBase"]
[SourceDate "2022.07.31"]
[SourceVersion "1"]
[SourceVersionDate "2022.07.31"]
[SourceQuality "1"]

1. e4 c5 2. Nf3 e6 3. d4 cxd4 4. Nxd4 a6 5. Bd3 Qc7 6. Nb3 Nc6 7. 0-0 Nf6 8. Qe2 d6 9. c4 b6 10. Nc3 Nd7 11. Be3 Nc5 12. f4 Be7 13. Rac1 0-0 14. Bb1 Bb7 15. Rf3 Bf6 16. Rh3 Ne7 17. e5 dxe5 18. Bxh7+ Kh8 19. Bb1+ Kg8 20. Rh8+ Kxh8 21. Qh5+ Kg8 22. Qh7# 1-0

[Event "GRE-chT U16"]
[Site "Thessaloniki"]
[Date "2021.12.18"]
[Round "5.1"]
[White "Stoimenidis, Dimitrios"]
[Black "Vagianos, Christos"]
[Result "1-0"]
[WhiteElo "1968"]
[BlackElo "1491"]
[PlyCount "83"]
[EventDate "2021.12.16"]
[EventType "team-swiss"]
[EventRounds "6"]
[EventCountry "GRE"]
[SourceTitle "CBM 205 Extra"]
[Source "ChessBase"]
[SourceDate "2022.01.31"]
[SourceVersion "1"]
[SourceVersionDate "2022.01.31"]
[SourceQuality "1"]
[WhiteTeam "Aris"]
[BlackTeam "Xanthis"]
[WhiteTeamCountry "GRE"]
[BlackTeamCountry "GRE"]

1. e4 d5 2. exd5 Qxd5 3. Nc3 Qa5 4. Bc4 c6 5. d3 Nf6 6. Nge2 Bf5 7. 0-0 e6 8. Bd2 Qc7 9. Ng3 Bg6 10. Kh1 Bd6 11. f4 Nbd7 12. Qf3 0-0 13. Nce4 Bxe4 14. Nxe4 b5 15. Bb3 Be7 16. a3 Nc5 17. Ba2 Ncxe4 18. dxe4 Rfd8 19. Bc3 c5 20. f5 e5 21. Bd5 Nxd5 22. exd5 f6 23. Rfd1 Bd6 24. Qe4 Rd7 25. Be1 c4 26. a4 b4 27. a5 Rb8 28. a6 Qc5 29. Ra4 Rc7 30. Raa1 Rb6 31. c3 Qb5 32. cxb4 Rxa6 33. Rac1 Bxb4 34. Bxb4 Qxb4 35. b3 Qxb3 36. d6 Rd7 37. Qd5+ Kf8 38. Qa8+ Kf7 39. Qc8 Qb5 40. Rxc4 Raxd6 41. Rxd6 Rxd6 42. Rc7+ 1-0

[Event "GRE-chT U16"]
[Site "Thessaloniki"]
[Date "2021.12.17"]
[Round "2.1"]
[White "Stoimenidis, Dimitrios"]
[Black "Sdravopoulos, Periklis"]
[Result "1-0"]
[WhiteElo "1968"]
[BlackElo "1480"]
[PlyCount "38"]
[EventDate "2021.12.16"]
[EventType "team-swiss"]
[EventRounds "6"]
[EventCountry "GRE"]
[SourceTitle "CBM 205 Extra"]
[Source "ChessBase"]
[SourceDate "2022.01.31"]
[SourceVersion "1"]
[SourceVersionDate "2022.01.31"]
[SourceQuality "1"]
[WhiteTeam "Aris"]
[BlackTeam "Larisas"]
[WhiteTeamCountry "GRE"]
[BlackTeamCountry "GRE"]

1. e4 e5 2. Nf3 Nc6 3. Bb5 f5 4. Nc3 fxe4 5. Nxe4 Nf6 6. Nxf6+ Qxf6 7. Qe2 Bc5 8. Bxc6 dxc6 9. d4 Bb6 10. c3 0-0 11. Nxe5 c5 12. dxc5 Re8 13. f4 g5 14. Be3 gxf4 15. Bd4 Bxc5 16. Qc4+ Kh8 17. Qxc5 b6 18. Qxc7 f3 19. 0-0 Qd8 1-0

[Event "GRE-ch U20"]
[Site "Trikala"]
[Date "2021.08.28"]
[Round "8"]
[White "Stoimenidis, Dimitrios"]
[Black "Gavriil, Odysseas Panagiotis"]
[Result "0-1"]
[WhiteElo "1785"]
[BlackElo "1861"]
[PlyCount "56"]
[EventDate "2021.08.23"]
[EventType "swiss"]
[EventRounds "9"]
[EventCountry "GRE"]
[SourceTitle "EXT 2022"]
[Source "ChessBase"]
[SourceDate "2021.10.06"]
[SourceVersion "1"]
[SourceVersionDate "2021.10.06"]
[SourceQuality "1"]

1. e4 c5 2. Nf3 Nc6 3. d4 cxd4 4. Nxd4 g6 5. c4 Bg7 6. Be3 Qb6 7. Nb3 Qc7 8. Qd2 Nf6 9. f3 0-0 10. Be2 d6 11. 0-0 a5 12. a4 Bd7 13. Nc3 Nb4 14. Rfc1 Rfc8 15. c5 dxc5 16. Bxc5 Bc6 17. Nb5 Qe5 18. Bd4 Qh5 19. Nxa5 Rxa5 20. Qxb4 Raa8 21. Na7 Rd8 22. Nxc6 bxc6 23. Rxc6 Rxd4 24. Qxd4 Ng4 25. e5 Qxh2+ 26. Kf1 Nxe5 27. Kf2 Nxc6 28. Qd5 Bd4+ 0-1

[Event "Kavala op 30th"]
[Site "Kavala"]
[Date "2021.08.04"]
[Round "5"]
[White "Kalogridis, Antonios"]
[Black "Stoimenidis, Dimitrios"]
[Result "1-0"]
[WhiteElo "2219"]
[BlackElo "1785"]
[PlyCount "81"]
[EventDate "2021.08.01"]
[EventType "swiss"]
[EventRounds "9"]
[EventCountry "GRE"]
[SourceTitle "CBM 203 Extra"]
[Source "ChessBase"]
[SourceDate "2021.09.30"]
[SourceVersion "1"]
[SourceVersionDate "2021.09.30"]
[SourceQuality "1"]

1. Nf3 Nf6 2. b3 d5 3. Bb2 c6 4. c4 Bf5 5. Nh4 Bxb1 6. Rxb1 d4 7. Nf3 c5 8. b4 e6 9. bxc5 Bxc5 10. e3 Nc6 11. exd4 Bb6 12. Ba3 Nxd4 13. c5 Nxf3+ 14. Qxf3 Bc7 15. Bb5+ Kf8 16. c6+ Bd6 17. cxb7 Rb8 18. 0-0 Bxa3 19. Qxa3+ Qe7 20. Qxa7 Qxb7 21. Qc5+ Qe7 22. Qe5 Rd8 23. a4 g6 24. a5 Kg7 25. a6 Ra8 26. Ra1 Ra7 27. Rfc1 Rd8 28. d3 Qd6 29. Qxd6 Rxd6 30. Rc6 Rxc6 31. Bxc6 Kf8 32. Bb7 Ke7 33. f4 Ne8 34. Kf2 Nd6 35. Rb1 Kd7 36. Ke3 f6 37. Kd4 Kc7 38. Kc5 Rxb7 39. axb7 Nxb7+ 40. Rxb7+ Kxb7 41. Kd6 1-0